| 000 | 01806nam a2200265Ia 4500 | ||
|---|---|---|---|
| 003 | OSt | ||
| 005 | 20210503102430.0 | ||
| 008 | 210310s2010 ck gr 000 0 spa d | ||
| 020 | _a9789586642460 | ||
| 040 |
_aCO-JMCR _cCO-JMCR |
||
| 041 | 0 | _aspa | |
| 082 | 0 | 4 |
_a330.9861 / _bN178e _223 |
| 100 | 1 |
_aNarváez, Antonio de, _eautor _926066 |
|
| 245 | 1 | 0 |
_aEscritos económicos / _cAntonio de Narváez, José Ignacio de Pombo ; prólogo, Jorge Orlando Melo |
| 260 |
_aBogotá : _bBanco de la Republica, _c2010. |
||
| 300 |
_a367 páginas ; _c23 cm. |
||
| 490 | 0 | _aColección Bicentenario | |
| 490 | 0 | _aArchivo de la economía nacional | |
| 505 | 0 |
_tInforme real tribunal de consulta de Cartagena de Indias al Sr. Virrey del ryeino sobre el origen y causas del contrabando, sus perjuicios, los medio de evitarlos, y de descubrir los fraudes. Extendiendo su orden. Por Don José Ignacio de Pombo. / _rJosé Ignacio Pombo. -- _tMemorias sobre el contrabando en el virreynato de Srt. Fé. / _rJosé Ignacio de Pombo. -- _tDiscurso del mariscal de campo de los reales exercitos D.. Antonio de Narváez y de la Torre sobre la utilidad de permitir el comercio libre de neutrales en este reino. / _rSergio Elías Ortiz. -- _tInforme de Don José Ignacio de Pombo de consulta de Cartagena sobre asuntos económicos y fiscales (Del archivo histórico del doctor Diego Mendoza Pérez). / _rSergio Elías Ortiz. -- _tInforme del real consultado de Cartagena de Indias a la suprema junta provincial de la misma. / _rSergio Elías Ortiz. -- _tManifiesto del canal de Cartagena de Indias. / |
|
| 650 | 1 | 4 |
_aEconomía colonial. _926068 |
| 650 | 2 | 4 |
_aHistoria económica. _937338 |
| 700 | 1 |
_aPombo, José Ignacio de, _eautor _937339 |
|
| 700 | 1 |
_aMelo, Jorge Orlando, _eprologuista _911481 |
|
| 942 |
_2ddc _cBK |
||
| 999 |
_c11644 _d11644 |
||